书目信息 |
| 题名: |
了不起的盖茨比
|
|
| 作者: | 菲茨杰拉德, 著 ;姚乃强 译 | |
| 分册: | ||
| 出版信息: | 北京 人民文学出版社 2004.07 |
|
| 页数: | 13, 243页 | |
| 开本: | 20cm | |
| 丛书名: | 美国学生课外阅读丛书 | |
| 单 册: | ||
| 中图分类: | I712.45 | |
| 科图分类: | ||
| 主题词: | 长篇小说--chang pian xiao shuo--美国--现代 | |
| 电子资源: | ||
| ISBN: | 7-02-004668-1 | |
| 000 | 01098nam 2200277 450 | |
| 001 | 012007655969 | |
| 005 | 20070521112337.85 | |
| 010 | @a7-02-004668-1@dCNY14.00 | |
| 100 | @a20050611d2004 km y0chiy0120 ea | |
| 101 | 1 | @achi@ceng |
| 102 | @aCN@b110000 | |
| 105 | @aa z 000ay | |
| 200 | 1 | @a了不起的盖茨比@Aliao bu qi de gai ci bi@d= The great gatsby@f(美) 菲茨杰拉德著@F(mei)fei ci jie la de zhu@g姚乃强译@Gyao nai qiang yi@zeng |
| 210 | @a北京@c人民文学出版社@d2004.07 | |
| 215 | @a13, 243页@c图@d20cm | |
| 225 | 2 | @a美国学生课外阅读丛书@Amei guo xue sheng ke wai yue du cong shu |
| 300 | @a美国人文学科基金会推荐 | |
| 330 | @a军人盖茨比战后经商致富,他用富足的生活吸引他战前的相恋情人,终与她重温旧梦,却被妒忌的丈夫设法致于死地。 | |
| 410 | 0 | @12001 @a美国学生课外阅读丛书 |
| 510 | 1 | @aGreat gatsby@zeng |
| 606 | 0 | @a长篇小说@Achang pian xiao shuo@y美国@z现代 |
| 690 | @aI712.45@v4 | |
| 701 | 1 | @a菲茨杰拉德,@Afei ci jie la de,@g(Fitzgerald, Franc is Scott),@f1896-1940@4著 |
| 702 | 0 | @a姚乃强@Ayao nai qiang@4译 |
| 801 | 0 | @aCN@c20070521 |
| 905 | @a10447@dI712.45@eF318 | |
| 了不起的盖茨比= The great gatsby/(美) 菲茨杰拉德著/姚乃强译.-北京:人民文学出版社,2004.07 |
| 13, 243页:图;20cm.-(美国学生课外阅读丛书) |
| 美国人文学科基金会推荐 |
| ISBN 7-02-004668-1:CNY14.00 |
| 军人盖茨比战后经商致富,他用富足的生活吸引他战前的相恋情人,终与她重温旧梦,却被妒忌的丈夫设法致于死地。 |
| ● |
| 相关链接 |
|
|
|
正题名:了不起的盖茨比
索取号:I712.45/F318
 
预约/预借
| 序号 | 登录号 | 条形码 | 馆藏地/架位号 | 状态 | 备注 |
| 1 | 237169 | 202371691 | 社科二线422/422社科库 32排1列5层/ [索取号:I712.45/F318] | 在馆 | |
| 2 | 237170 | 202371708 | 社科二线400B/400B社科库 24排4列1层/ [索取号:I712.45/F318] | 在馆 | |
| 3 | 237171 | 202371717 | 社科二线400B/400B社科库 24排3列1层/ [索取号:I712.45/F318] | 在馆 |